| 000 | 00838nam a22002055i 4500 | ||
|---|---|---|---|
| 001 | 157274 | ||
| 003 | ES-MaACL | ||
| 005 | 20250809063528.0 | ||
| 008 | 040818s1870 fr |||| | fre d | ||
| 040 |
_aCAM _bspa _cCAM |
||
| 100 | 1 |
_aLaurent, François, _d1810-1887 _9128741 |
|
| 245 | 1 | 0 |
_aHistoire du droit des gens et des relations internationales. _nXVIII, _pÉtudes sur l'histoire de l'Humanité : La philosophie de l'histoire / _cpar F. Laurent. |
| 260 |
_aParis : _bLibrairie internationale ; _aBruxelles ; _aLeipzig : _bA. Lacroix, Verboeckhoven et Cie,., _c1870. |
||
| 300 |
_a628 p. ; _c23 cm. |
||
| 650 | 4 |
_aHistoria- _xFilosofía. _913380 |
|
| 650 | 0 | 4 |
_aDerecho internacional- _xHistoria. _911719 |
| 852 |
_aES-MaACL _jD-4583 _z-- Enc. hol. |
||
| 852 |
_aES-MaACL _jD-2828 _z-- Enc. hol. |
||
| 999 |
_c157274 _d157274 |
||